000 00223 a2200097 4500
001 12787
100 _aSyed shabbir Hussain
245 _aHistory of the pakistan air force
260 _a
_bPAF Press
_c
090 _c9764
_d9764
942 _aNUST-CAE
_cM
_c36671
999 _c247860
_d247860